Mikroprocesor 8086 zborník prednášok

Uložené v:
Podrobná bibliografia
Médium: Kniha
Jazyk:Slovak
Vydavateľské údaje: Žilina Dom techniky ČSVTS 1984
Tagy: Pridať tag
Žiadne tagy, Buďte prvý, kto otaguje tento záznam!

MARC

LEADER 00000nam a2200000 4500
001 c115658
005 20221220090723.3
041 0 |a slo 
044 |a SK 
245 1 0 |a Mikroprocesor 8086  |b zborník prednášok 
264 1 |a Žilina  |b Dom techniky ČSVTS  |c 1984 
300 |a 182 s.